000 00319nam a2200121Ia 4500
008 220216s9999 xx 000 0 und d
245 0 _aRevised manuring programme for young replantings
260 _bPlanters Bulletin
_c1963
300 _a79-85
650 _aFertiliserr application
650 _aManuring
942 _cJS
999 _c66978
_d66978